| 000 | 00000nam##2200000za#4500 |
| 001 | 9.632215 |
| 003 | CaOODSP |
| 005 | 20210624214711 |
| 007 | cr ||||||||||| |
| 008 | 150407|2005||||xxc|||||o f|0| 0 fre|d |
| 020 | |a0-662-70103-8 |
| 040 | |aCaOODSP|bfre |
| 043 | |an-cn--- |
| 086 | 1 |aSC3-112/2005F-PDF |
| 110 | 2 |aCommission de la Fonction publique du Canada. |
| 245 | 10|aCommission de la fonction publique du Canada : manuel de vérification |h[ressource électronique] |
| 260 | |aOttawa - Ontario : |bCommission de la Fonction publique |cJanvier 2005. |
| 300 | |a106p.|bfigures (certaines en couleur), organigramme, tableaux |
| 500 | |aLe n° de catalogue (SC3-112/2005F) et l'ISBN (0-662-71196-3) de l'édition imprimée ont été incorrectement copiés dans l'édition électronique. |
| 590 | |a11-17-Supp|b2011-09-12 |
| 691 | 07|aManuel|2gcpds |
| 691 | 07|aPolitique|2gcpds |
| 691 | 07|aVérification|2gcpds |
| 775 | 08|tPublic Service Commission of Canada - audit manual |w(CaOODSP)9.687773 |
| 856 | 40|ahttp://publications.gc.ca|qPDF|s524 Ko|uhttps://publications.gc.ca/collections/collection_2011/cfp-psc/SC3-112-2005-fra.pdf |